Black Or White by Michael Jackson Lyrics - Statistics

General Stats
  • This quiz has been taken 256 times
  • The average score is 24 of 44
Answer Stats
Lyrics % Correct
It don't matter if you're {black} {or} {white}
89%
But, if you're thinkin' about my {baby}
85%
It don't matter if you're {black} {or} {white}
84%
But, if you're thinkin' about my {baby}
83%
Now I believe in {miracles}
83%
And a {miracle} has happened tonight
82%
Either you're {wrong} or you're right
80%
I took my baby on a {Saturday} {bang}
79%
They print my message in the {Saturday} {Sun}
71%
And I told about {equality} and it's true
70%
Boy is that girl {with} {you}
65%
Yes we're {one} and the same
62%
I ain't scared of your {brother}
58%
I had to tell them I ain't {second} to none
58%
It don't matter if you're {black} {or} {white}
58%
It don't matter if you're {black} {or} {white}
57%
It don't matter if you're {black} {or} {white}
57%
It's {black}, it's white
57%
But, if you're thinkin' about my {baby}
56%
I said if you're thinkin' of being my {baby}
54%
See, it's not about {races}
53%
I said if you're thinkin' of being my {brother}
51%
It's {black}, it's white, (x3) whoo
51%
For gangs, clubs, and {nations}
50%
{Faces}
49%
I ain'ts scared of no {sheets}
49%
I am tired of this {devil}
49%
I am tired of this {stuff}
49%
I'd rather hear both sides of the {tale}
49%
When I saw you {kicking} {dirt} in my eye
49%
Just {places}
48%
I'm not going to spend my life {being} {a} {color}
47%
I ain't scared of {nobody}
46%
Don't tell me you {agree} {with} {me}
44%
{Protection}
44%
I am tired of this {business}
39%
It's a {turf} {war} on a global scale
39%
Where your {blood} comes from
38%
Is where your {space} is
37%
Causing {grief} in human relations
33%
I've seen the {bright} get duller
30%
Girl when the goin' {gets} {mean}
29%
It's {tough} for them to get by
29%
{Sew} when the going gets rough
21%
No matching quizzes found
Score Distribution
Percent of People with Each Score
Percentile by Number Answered
Your Score History
You have not taken this quiz